[Event "Talinka Cup"]
[Site "Talinka"]
[Date "2007.02.10"]
[Round "8"]
[White "Babici, Roman"]
[Black "Pakhomov, Alexey"]
[Result "1/2-1/2"]
[WhiteElo "2336"]
[BlackElo "2437"]
[PlyCount "30"]
[EventDate "2007.02.03"]
[EventType "tourn"]
[EventRounds "9"]
[EventCountry "RUS"]
[EventCategory "2"]
[SourceTitle "EXT 2008"]
[Source "ChessBase"]
[SourceDate "2007.11.25"]
[SourceVersion "1"]
[SourceVersionDate "2007.11.25"]
[SourceQuality "1"]

1. e4 c5 2. c3 d5 3. exd5 Qxd5 4. d4 Nf6 5. Nf3 Bg4 6. Be2 e6 7. Na3 Be7 8. Nc2 cxd4 9. Ncxd4 0-0 10. 0-0 Nbd7 11. Be3 e5 12. Nb3 h6 13. Qc2 Qe6 14. Rad1 Rac8 15. Rfe1 Nd5 1/2-1/2

[Event "Talinka Cup"]
[Site "Talinka"]
[Date "2007.02.05"]
[Round "3"]
[White "Babici, Roman"]
[Black "Orekhov, Evgeny"]
[Result "0-1"]
[WhiteElo "2336"]
[BlackElo "2449"]
[PlyCount "116"]
[EventDate "2007.02.03"]
[EventType "tourn"]
[EventRounds "9"]
[EventCountry "RUS"]
[EventCategory "2"]
[SourceTitle "EXT 2008"]
[Source "ChessBase"]
[SourceDate "2007.11.25"]
[SourceVersion "1"]
[SourceVersionDate "2007.11.25"]
[SourceQuality "1"]

1. e4 c5 2. Nf3 d6 3. d4 cxd4 4. Nxd4 Nf6 5. Nc3 a6 6. Be2 e5 7. Nb3 Be7 8. 0-0 0-0 9. f4 b6 10. Kh1 Bb7 11. Bf3 Nbd7 12. Be3 Rc8 13. Qe1 b5 14. a4 b4 15. Nd5 Bxd5 16. exd5 e4 17. Be2 Nxd5 18. Bxa6 Rxc2 19. Bd4 N7f6 20. Bb7 e3 21. Qg3 Nh5 22. Qf3 Ndxf4 23. Rg1 Bf6 24. Bxe3 Qe7 25. Rae1 Nd3 26. Be4 Nxe1 27. Rxe1 Rxb2 28. Bc1 g6 29. Bxb2 d5 30. Re2 dxe4 31. Rxe4 Qd6 32. Bd4 Rc8 33. Qe3 Kg7 34. a5 Rc2 35. Kg1 Ra2 36. Qf3 Bxd4+ 37. Rxd4 Qe7 38. Qe4 Qg5 39. Rd5 Qf6 40. Qf3 Qe7 41. Rd1 f5 42. Rc1 Qa7+ 43. Kh1 Kh6 44. Rb1 Qe7 45. Nd4 Rd2 46. Nb3 Re2 47. Rg1 Re3 48. Qd1 Nf6 49. Rf1 Ng4 50. Qd2 Qc7 51. g3 Qc4 52. Ra1 f4 53. a6 Qe4+ 54. Kg1 fxg3 55. Nc5 Qf3 56. Rf1 Nf2 57. Rxf2 gxf2+ 58. Qxf2 Qd1+ 0-1

[Event "Bucharest3"]
[Site "Bucharest"]
[Date "2000.??.??"]
[Round "?"]
[White "Babici, Roman"]
[Black "Radovanovic, Dusan"]
[Result "1-0"]
[WhiteElo "2280"]
[BlackElo "2295"]
[PlyCount "49"]
[EventDate "2000.??.??"]
[EventType "tourn"]
[EventRounds "11"]
[EventCountry "ROU"]
[EventCategory "2"]
[SourceTitle "EXT 2008"]
[Source "ChessBase"]
[SourceDate "2007.11.25"]
[SourceVersion "1"]
[SourceVersionDate "2007.11.25"]
[SourceQuality "1"]

1. e4 c5 2. c3 d5 3. exd5 Qxd5 4. d4 cxd4 5. cxd4 g6 6. Nc3 Qd8 7. Bc4 Bg7 8. Nf3 Nf6 9. 0-0 0-0 10. h3 Nc6 11. a3 b6 12. Re1 Bb7 13. d5 Na5 14. Ba2 Rc8 15. Bg5 Re8 16. Ne5 h6 17. Bh4 g5 18. Bg3 Nd7 19. Qd3 Nxe5 20. Bxe5 Bxe5 21. Rxe5 Nc6 22. Bb1 f6 23. Qh7+ Kf8 24. Qxh6+ Kg8 25. Bh7+ 1-0

[Event "Bucharest3"]
[Site "Bucharest"]
[Date "2000.??.??"]
[Round "?"]
[White "Babici, Roman"]
[Black "Tantau, Adrian"]
[Result "0-1"]
[WhiteElo "2280"]
[BlackElo "2250"]
[PlyCount "72"]
[EventDate "2000.??.??"]
[EventType "tourn"]
[EventRounds "11"]
[EventCountry "ROU"]
[EventCategory "2"]
[SourceTitle "EXT 2008"]
[Source "ChessBase"]
[SourceDate "2007.11.25"]
[SourceVersion "1"]
[SourceVersionDate "2007.11.25"]
[SourceQuality "1"]

1. e4 c5 2. c3 Nf6 3. e5 Nd5 4. Nf3 Nc6 5. Bc4 Nb6 6. Bb3 d6 7. exd6 Qxd6 8. d4 cxd4 9. 0-0 d3 10. Na3 Bf5 11. Nb5 Qd7 12. Bf4 Rc8 13. Nbd4 Bg6 14. Re1 Nd5 15. Ne5 Nxe5 16. Bxe5 a6 17. Qf3 Nb6 18. a4 Nc4 19. Bf4 a5 20. h4 h5 21. Bxc4 Rxc4 22. Re5 e6 23. Rb5 Bd6 24. Rxb7 Qd8 25. Bg5 Qc8 26. Nb5 Bb8 27. Re7+ Kf8 28. Rb7 Kg8 29. Na7 Qf8 30. Re1 Kh7 31. Nb5 Rxa4 32. Nd4 Rc4 33. g4 hxg4 34. Qxg4 Kg8 35. Qf3 Rc5 36. Bf4 e5 0-1

[Event "Bucharest3"]
[Site "Bucharest"]
[Date "2000.??.??"]
[Round "?"]
[White "Szabo, Gergely Andras"]
[Black "Babici, Roman"]
[Result "1-0"]
[WhiteElo "2295"]
[BlackElo "2280"]
[PlyCount "51"]
[EventDate "2000.??.??"]
[EventType "tourn"]
[EventRounds "11"]
[EventCountry "ROU"]
[EventCategory "2"]
[SourceTitle "EXT 2008"]
[Source "ChessBase"]
[SourceDate "2007.11.25"]
[SourceVersion "1"]
[SourceVersionDate "2007.11.25"]
[SourceQuality "1"]

1. e4 e5 2. Nc3 Bb4 3. g3 Nf6 4. Bg2 0-0 5. Nge2 c6 6. d4 d5 7. Bg5 h6 8. dxe5 hxg5 9. exf6 Qxf6 10. 0-0 Bxc3 11. Nxc3 d4 12. Ne2 c5 13. f4 Bg4 14. Qd2 Bxe2 15. Qxe2 Nc6 16. e5 Qe7 17. Rae1 Rad8 18. Qh5 gxf4 19. gxf4 d3 20. cxd3 Rxd3 21. Be4 g6 22. Qh6 Rd4 23. Rf3 f5 24. Rg3 Qh7 25. Rxg6+ Kh8 26. Qxf8+ 1-0

[Event "Bucharest Fest IM"]
[Site "Bucharest"]
[Date "1998.??.??"]
[Round "?"]
[White "Babici, Roman"]
[Black "Hristodorescu, Daniel"]
[Result "0-1"]
[WhiteElo "2260"]
[BlackElo "2250"]
[PlyCount "108"]
[EventDate "1998.10.??"]
[EventType "tourn"]
[EventRounds "14"]
[EventCountry "ROU"]
[EventCategory "3"]
[SourceTitle "EXT 2000"]
[Source "ChessBase"]
[SourceDate "1999.11.16"]
[SourceVersion "1"]
[SourceVersionDate "1999.11.16"]
[SourceQuality "1"]

1. e4 e5 2. Nf3 Nc6 3. Bc4 Bc5 4. c3 Qe7 5. 0-0 d6 6. d4 Bb6 7. a4 a6 8. h3 Nf6 9. Re1 0-0 10. d5 Nb8 11. a5 Ba7 12. Nbd2 Kh8 13. Nf1 Nh5 14. Bd3 Nf4 15. Bxf4 exf4 16. Qd2 Qf6 17. e5 dxe5 18. Rxe5 Bc5 19. Rae1 Bd7 20. R5e4 g5 21. h4 h6 22. hxg5 hxg5 23. Re5 Rg8 24. Bb1 g4 25. Nd4 Bd6 26. Rh5+ Kg7 27. Nf5+ Bxf5 28. Rxf5 Qh4 29. g3 fxg3 30. Qg5+ Qxg5 31. Rxg5+ Kf8 32. Rxg8+ Kxg8 33. Re8+ Kg7 34. fxg3 c6 35. Be4 cxd5 36. Bxd5 Ra7 37. Rd8 Bc7 38. Rc8 b6 39. Kg2 Nd7 40. Ne3 bxa5 41. Nxg4 Nb6 42. Rxc7 Rxc7 43. Bb3 a4 44. Bc2 a3 45. bxa3 Rxc3 46. Bf5 Rxa3 47. Nf2 a5 48. Ne4 Nd5 49. Kf2 a4 50. Nc5 Ra2+ 51. Kf3 a3 52. Ke4 Nb4 53. Kd4 Rb2 54. Kc3 Nd5+ 0-1

[Event "Bucharest Fest IM"]
[Site "Bucharest"]
[Date "1998.??.??"]
[Round "?"]
[White "Babici, Roman"]
[Black "Vasiesiu, Dan"]
[Result "1-0"]
[WhiteElo "2260"]
[BlackElo "2390"]
[PlyCount "79"]
[EventDate "1998.10.??"]
[EventType "tourn"]
[EventRounds "14"]
[EventCountry "ROU"]
[EventCategory "3"]
[SourceTitle "EXT 2000"]
[Source "ChessBase"]
[SourceDate "1999.11.16"]
[SourceVersion "1"]
[SourceVersionDate "1999.11.16"]
[SourceQuality "1"]

1. e4 c5 2. c3 Nf6 3. e5 Nd5 4. d4 cxd4 5. Nf3 e6 6. cxd4 d6 7. Nc3 Nxc3 8. bxc3 Qc7 9. Bd2 Bd7 10. Bd3 Bc6 11. 0-0 Nd7 12. exd6 Bxd6 13. Re1 0-0 14. Ne5 Bxe5 15. dxe5 Nc5 16. Bc2 Rfd8 17. Qe2 Bb5 18. Qh5 Rxd2 19. Qxh7+ Kf8 20. Rad1 Rxc2 21. Qh8+ Ke7 22. Qh4+ Kf8 23. Qh8+ Ke7 24. Qh4+ f6 25. exf6+ Kf7 26. Qh7 Kxf6 27. Re3 Bd3 28. Rf3+ Ke5 29. Re3+ Kf6 30. Rf3+ Bf5 31. g4 Qc6 32. gxf5 Qxf3 33. Qg6+ Ke5 34. Qxg7+ Kxf5 35. Qf6+ Kg4 36. Rd4+ Ne4 37. h3+ Qxh3 38. Qxe6+ Kg5 39. Qxh3 Rc1+ 40. Kg2 1-0

[Event "Bucharest Fest IM"]
[Site "Bucharest"]
[Date "1998.??.??"]
[Round "?"]
[White "Brajovic, Radovan"]
[Black "Babici, Roman"]
[Result "1/2-1/2"]
[WhiteElo "2320"]
[BlackElo "2260"]
[PlyCount "68"]
[EventDate "1998.10.??"]
[EventType "tourn"]
[EventRounds "14"]
[EventCountry "ROU"]
[EventCategory "3"]
[SourceTitle "EXT 2000"]
[Source "ChessBase"]
[SourceDate "1999.11.16"]
[SourceVersion "1"]
[SourceVersionDate "1999.11.16"]
[SourceQuality "1"]

1. e4 Nf6 2. e5 Nd5 3. d4 d6 4. Nf3 Nb6 5. Be2 g6 6. 0-0 Bg7 7. Bf4 Nc6 8. exd6 cxd6 9. Qd2 Bg4 10. c3 0-0 11. Bh6 Bxf3 12. Bxf3 Nc4 13. Qc1 Bxh6 14. Qxh6 d5 15. Nd2 Nxd2 16. Qxd2 Na5 17. b3 Rc8 18. Rac1 b5 19. h4 e6 20. h5 Kg7 21. hxg6 hxg6 22. g3 Rh8 23. Kg2 Qf6 24. Rh1 Nc6 25. Rxh8 Rxh8 26. Qd3 b4 27. Rd1 bxc3 28. Qxc3 e5 29. Bxd5 Nxd4 30. f4 Qf5 31. fxe5 Qh3+ 32. Kf2 Qf5+ 33. Kg2 Qh3+ 34. Kf2 Qf5+ 1/2-1/2

[Event "Bucharest Fest IM"]
[Site "Bucharest"]
[Date "1998.??.??"]
[Round "?"]
[White "Glodeanu, Ion"]
[Black "Babici, Roman"]
[Result "1/2-1/2"]
[WhiteElo "2355"]
[BlackElo "2260"]
[PlyCount "41"]
[EventDate "1998.10.??"]
[EventType "tourn"]
[EventRounds "14"]
[EventCountry "ROU"]
[EventCategory "3"]
[SourceTitle "EXT 2000"]
[Source "ChessBase"]
[SourceDate "1999.11.16"]
[SourceVersion "1"]
[SourceVersionDate "1999.11.16"]
[SourceQuality "1"]

1. e4 e6 2. d4 d5 3. exd5 exd5 4. Nf3 Bd6 5. c4 dxc4 6. Bxc4 Nf6 7. 0-0 0-0 8. Nc3 h6 9. Ne5 Nbd7 10. Re1 Nb6 11. Bb3 c6 12. Qf3 Nbd5 13. Nxd5 cxd5 14. Bf4 Be6 15. Nd3 Ne4 16. Bxd6 Qxd6 17. Qe3 Rfe8 18. f3 Nf6 19. Qd2 Rac8 20. Qb4 Qxb4 21. Nxb4 1/2-1/2

[Event "Centrocoop op"]
[Site "Eforie Nord"]
[Date "1997.??.??"]
[Round "?"]
[White "Babici, Roman"]
[Black "Chernitsin, Ivan"]
[Result "1/2-1/2"]
[WhiteElo "2225"]
[BlackElo "2360"]
[PlyCount "121"]
[EventDate "1997.??.??"]
[EventType "swiss"]
[EventRounds "11"]
[EventCountry "ROU"]
[SourceTitle "EXT 2010"]
[Source "ChessBase"]
[SourceDate "2010.11.25"]
[SourceVersion "1"]
[SourceVersionDate "2010.11.25"]
[SourceQuality "1"]

1. e4 e5 2. Nf3 Nc6 3. Bb5 f5 4. d4 fxe4 5. Bxc6 dxc6 6. Nxe5 Nf6 7. Bg5 Bf5 8. c3 Qd5 9. Qb3 Qxb3 10. axb3 c5 11. dxc5 Bxc5 12. b4 Bd6 13. Nc4 Be7 14. Nbd2 0-0 15. Ra5 Nd5 16. Bxe7 Nxe7 17. Ne3 Bg6 18. h4 h5 19. Nb3 Nc6 20. Rc5 Rae8 21. 0-0 Rf7 22. Na5 Nd8 23. Rg5 Kh7 24. b5 Ref8 25. g3 c6 26. Nac4 Rf6 27. bxc6 Nxc6 28. Ne5 Be8 29. Nxc6 Rxc6 30. Rd1 Rcf6 31. Rd2 g6 32. Re5 Bc6 33. b4 b6 34. c4 Kg7 35. Nd5 Bxd5 36. cxd5 Rd6 37. Rxe4 Rf5 38. Red4 a5 39. bxa5 bxa5 40. f4 a4 41. Kf2 a3 42. Kf3 a2 43. Rxa2 Rfxd5 44. Rxd5 Rxd5 45. g4 hxg4+ 46. Kxg4 Rb5 47. Ra7+ Kf6 48. Ra6+ Kf7 49. Rc6 Ra5 50. Rc2 Kf6 51. Re2 Ra1 52. Rh2 Ra5 53. Rh3 Rb5 54. Re3 Rb1 55. Rg3 Rb5 56. Ra3 Rc5 57. Ra6+ Kf7 58. Ra7+ Kf6 59. Ra8 Kf7 60. Rh8 Ra5 61. h5 1/2-1/2

[Event "Centrocoop op"]
[Site "Eforie Nord"]
[Date "1997.??.??"]
[Round "?"]
[White "Babici, Roman"]
[Black "Solcanean, Serghei"]
[Result "1-0"]
[WhiteElo "2225"]
[BlackElo "2085"]
[PlyCount "65"]
[EventDate "1997.??.??"]
[EventType "swiss"]
[EventRounds "11"]
[EventCountry "ROU"]
[SourceTitle "EXT 2010"]
[Source "ChessBase"]
[SourceDate "2010.11.25"]
[SourceVersion "1"]
[SourceVersionDate "2010.11.25"]
[SourceQuality "1"]

1. e4 d5 2. exd5 Nf6 3. c4 c6 4. d4 cxd5 5. Nc3 e6 6. Nf3 Bb4 7. cxd5 Nxd5 8. Bd2 Nc6 9. Bd3 Be7 10. Be4 Nf6 11. Bxc6+ bxc6 12. 0-0 0-0 13. Na4 Qd5 14. Qc2 Bb7 15. Rfe1 Bd6 16. Nc5 Rab8 17. Bg5 Rfc8 18. Rad1 h6 19. Bxf6 gxf6 20. Nd7 Bxh2+ 21. Nxh2 Qxd7 22. Qd2 Kg7 23. Ng4 Rh8 24. Qf4 Qd8 25. Rd3 Ba6 26. Rg3 Rxb2 27. Ne5+ Kf8 28. Nxc6 Qd7 29. Qxf6 Rh7 30. d5 Re2 31. Rxe2 Bxe2 32. dxe6 Qxe6 33. Qd8+ 1-0

[Event "Centrocoop op"]
[Site "Eforie Nord"]
[Date "1997.??.??"]
[Round "3"]
[White "Bondoc, Dan Vladimir"]
[Black "Babici, Roman"]
[Result "1/2-1/2"]
[WhiteElo "2295"]
[BlackElo "2225"]
[PlyCount "120"]
[EventDate "1997.??.??"]
[EventType "swiss"]
[EventRounds "11"]
[EventCountry "ROU"]
[SourceTitle "EXT 2010"]
[Source "ChessBase"]
[SourceDate "2010.11.25"]
[SourceVersion "1"]
[SourceVersionDate "2010.11.25"]
[SourceQuality "1"]

1. e4 Nf6 2. e5 Nd5 3. d4 d6 4. Nf3 Nb6 5. c4 g6 6. Be2 Bg7 7. exd6 cxd6 8. Nc3 0-0 9. 0-0 Nc6 10. h3 Bf5 11. Be3 d5 12. c5 Nc4 13. Bc1 b6 14. b3 N4a5 15. cxb6 axb6 16. Be3 Bc8 17. Qd2 Ba6 18. Nb5 Qd7 19. Rac1 Rfc8 20. Rc3 Na7 21. Rxc8+ Rxc8 22. Nc3 Bxe2 23. Nxe2 e6 24. Nc3 b5 25. Ne5 Qc7 26. Ne2 Nb7 27. Rc1 Qa5 28. Rxc8+ Nxc8 29. Qc2 Na7 30. g4 Qd8 31. Kg2 Bf8 32. Nf4 Qc8 33. Qd2 f6 34. Ned3 Kf7 35. Qe2 Nd6 36. f3 Nb7 37. Qd2 Nc6 38. Qc2 b4 39. Kf2 Na7 40. Qxc8 Nxc8 41. Ke2 Na7 42. Kf2 Nc6 43. Ke1 g5 44. Ne2 h6 45. Kd2 Kg6 46. Ne1 h5 47. Kd3 hxg4 48. hxg4 Bd6 49. Nc2 f5 50. Bf2 fxg4 51. fxg4 e5 52. Bg1 e4+ 53. Kd2 Kf6 54. Be3 Bc7 55. Bf2 Bb6 56. Be3 Bc7 57. Bf2 Bd6 58. Be3 Ne7 59. Kd1 Nc6 60. Bd2 Nbd8 1/2-1/2

[Event "SLO-chT 06th"]
[Site "Bled"]
[Date "1996.??.??"]
[Round "2"]
[White "Farago, Ivan"]
[Black "Babici, Roman"]
[Result "1-0"]
[WhiteElo "2515"]
[BlackElo "2215"]
[PlyCount "55"]
[EventDate "1996.??.??"]
[EventType "team-tourn"]
[EventRounds "7"]
[EventCountry "SLO"]
[SourceTitle "CBM 055 Extra"]
[Source "ChessBase"]
[SourceDate "1997.01.01"]
[SourceVersion "1"]
[SourceVersionDate "1997.01.01"]
[SourceQuality "1"]
[WhiteTeam "Ljubljana LSK"]
[BlackTeam "Kranj Tomo Zupan"]
[WhiteTeamCountry "SLO"]
[BlackTeamCountry "SLO"]

1. d4 d5 2. c4 c6 3. Nf3 Nf6 4. Nc3 a6 5. e3 b5 6. b3 Bg4 7. Be2 e6 8. 0-0 Bd6 9. Bb2 Nbd7 10. Ne5 Bxe2 11. Nxe2 Rc8 12. a4 b4 13. Rc1 0-0 14. Qd3 Bxe5 15. dxe5 Ne4 16. Bd4 Nec5 17. Qc2 Qg5 18. Nf4 Ne4 19. cxd5 exd5 20. e6 Ne5 21. f3 Nf6 22. h4 Qxh4 23. Bxe5 fxe6 24. Nxe6 Rfe8 25. Qf5 Nh5 26. Ng5 h6 27. Qh7+ Kf8 28. Bd6+ 1-0

[Event "Bucharest"]
[Site "Bucharest"]
[Date "1995.??.??"]
[Round "13"]
[White "Babici, Roman"]
[Black "Grigore, George Gabriel"]
[Result "1-0"]
[WhiteElo "2280"]
[BlackElo "2445"]
[PlyCount "55"]
[EventDate "1995.??.??"]
[EventType "tourn"]
[EventRounds "13"]
[EventCountry "ROU"]
[EventCategory "6"]
[SourceTitle "EXT 1998"]
[Source "ChessBase"]
[SourceDate "1997.11.17"]
[SourceVersion "1"]
[SourceVersionDate "1997.11.17"]
[SourceQuality "1"]

1. e4 c5 2. c3 d5 3. exd5 Qxd5 4. d4 Nf6 5. Nf3 Nc6 6. Be3 cxd4 7. cxd4 e6 8. Nc3 Qd6 9. a3 Be7 10. Bd3 0-0 11. Qc2 Bd7 12. 0-0 Rac8 13. Rad1 Rfd8 14. Rfe1 g6 15. Qe2 Be8 16. h3 a6 17. Bb1 b5 18. Bg5 Qb8 19. Ba2 b4 20. axb4 Qa7 21. Bc4 Nxd4 22. Nxd4 Rxd4 23. Bxe6 Rxc3 24. bxc3 Rxd1 25. Rxd1 fxe6 26. Qxe6+ Bf7 27. Qc8+ Kg7 28. Be3 1-0

[Event "Bucharest"]
[Site "Bucharest"]
[Date "1995.??.??"]
[Round "10"]
[White "Babici, Roman"]
[Black "Vajda, Albert"]
[Result "1/2-1/2"]
[WhiteElo "2280"]
[BlackElo "2325"]
[PlyCount "94"]
[EventDate "1995.??.??"]
[EventType "tourn"]
[EventRounds "13"]
[EventCountry "ROU"]
[EventCategory "6"]
[SourceTitle "EXT 1998"]
[Source "ChessBase"]
[SourceDate "1997.11.17"]
[SourceVersion "1"]
[SourceVersionDate "1997.11.17"]
[SourceQuality "1"]

1. c4 Nf6 2. Nc3 d6 3. g3 g6 4. Bg2 Bg7 5. Nf3 c6 6. 0-0 0-0 7. Rb1 a5 8. a3 e5 9. d3 h6 10. b4 axb4 11. axb4 Bg4 12. b5 Nbd7 13. Ne1 Qc7 14. Nc2 Nc5 15. Be3 Rfd8 16. h3 Be6 17. Nb4 cxb5 18. Nxb5 Qc8 19. Kh2 d5 20. cxd5 Nxd5 21. Qc1 Nxe3 22. Qxe3 Nb3 23. Rfd1 Kh7 24. Qb6 Rd7 25. Nd6 Qb8 26. Nc4 e4 27. Rxb3 Bxc4 28. Rbb1 exd3 29. exd3 Qd8 30. Qe3 Be6 31. Be4 Ra5 32. Qf3 Qf6 33. Qxf6 Bxf6 34. Kg2 Rc5 35. Rdc1 Rdc7 36. Rxc5 Rxc5 37. Rd1 Rb5 38. Nc2 Rb2 39. Ne3 Bd4 40. Re1 b5 41. h4 h5 42. g4 Bxe3 43. Rxe3 Bxg4 44. Bd5 f6 45. Re7+ Kh6 46. Rf7 Bf5 47. Be4 Bxe4+ 1/2-1/2

[Event "Bucharest"]
[Site "Bucharest"]
[Date "1995.??.??"]
[Round "2"]
[White "Babici, Roman"]
[Black "Vajda, Levente"]
[Result "0-1"]
[WhiteElo "2280"]
[BlackElo "2320"]
[PlyCount "62"]
[EventDate "1995.??.??"]
[EventType "tourn"]
[EventRounds "13"]
[EventCountry "ROU"]
[EventCategory "6"]
[SourceTitle "EXT 1998"]
[Source "ChessBase"]
[SourceDate "1997.11.17"]
[SourceVersion "1"]
[SourceVersionDate "1997.11.17"]
[SourceQuality "1"]

1. e4 e5 2. Nf3 Nc6 3. Bc4 Nf6 4. d4 exd4 5. e5 d5 6. Bb5 Ne4 7. Nxd4 Bc5 8. 0-0 Bd7 9. Bxc6 bxc6 10. c3 0-0 11. Nd2 Nxd2 12. Bxd2 Bb6 13. Qh5 Qc8 14. h3 c5 15. Nf3 d4 16. Rfe1 Bf5 17. Rad1 Qe6 18. b3 h6 19. Nh4 Bh7 20. f4 dxc3 21. Bxc3 c4+ 22. Kh1 cxb3 23. f5 Qc4 24. f6 Qxc3 25. Qg4 g5 26. Qh5 gxh4 27. Qxh4 b2 28. e6 b1Q 29. Rxb1 Bxb1 30. Qg4+ Bg6 31. exf7+ Kh7 0-1

[Event "Bucharest"]
[Site "Bucharest"]
[Date "1995.??.??"]
[Round "5"]
[White "Popescu, Daniel Dorin"]
[Black "Babici, Roman"]
[Result "1/2-1/2"]
[WhiteElo "2420"]
[BlackElo "2280"]
[PlyCount "116"]
[EventDate "1995.??.??"]
[EventType "tourn"]
[EventRounds "13"]
[EventCountry "ROU"]
[EventCategory "6"]
[SourceTitle "EXT 1998"]
[Source "ChessBase"]
[SourceDate "1997.11.17"]
[SourceVersion "1"]
[SourceVersionDate "1997.11.17"]
[SourceQuality "1"]

1. e4 c5 2. Nf3 Nc6 3. Nc3 Nf6 4. Bb5 Nd4 5. e5 Nxb5 6. Nxb5 Nd5 7. Ng5 f6 8. Qf3 Nc7 9. exf6 exf6 10. Qe4+ Ne6 11. Nxh7 Qe7 12. Nxf8 d5 13. Ng6 dxe4 14. Nxe7 Kxe7 15. d3 Bd7 16. Nc3 exd3 17. cxd3 Bc6 18. 0-0 Rad8 19. Rd1 b6 20. Be3 Kf7 21. Rd2 Rd7 22. Rad1 Rhd8 23. f3 Bb7 24. Ne4 Ba6 25. Nf2 f5 26. f4 g5 27. Nh3 Bxd3 28. Nxg5+ Nxg5 29. fxg5 c4 30. Rf2 Kg6 31. h3 Re8 32. Bf4 Rde7 33. Kh2 b5 34. a3 Re4 35. Rg1 Re2 36. Rgf1 a6 37. Kg1 R8e4 38. Rxe2 Rxe2 39. Rf2 Re1+ 40. Kh2 Kh5 41. Kg3 Re6 42. Bd2 Kg6 43. Kh4 Re2 44. Kg3 Rxf2 45. Kxf2 a5 46. h4 b4 47. Bxb4 axb4 48. axb4 f4 49. g3 Kf5 50. gxf4 Kxf4 51. b5 c3 52. bxc3 Bxb5 53. g6 Bc4 54. h5 Kg5 55. Ke3 Kxh5 56. Kd4 Bg8 57. c4 Bxc4 58. Kxc4 Kxg6 1/2-1/2